000 00397nam a2200181Ia 4500
003 0STCL
008 150530s9999 xx 000 0 und d
040 _aSTCL
_cSTCL
100 _aKhadar,U.A.
245 _aPennudal Churayalukal
250 _a1
260 _bDC Books; Kottayam
_c2008
300 _a0
546 _aMalayalam
942 _2ddc
_cBK
999 _c77275
_d77275
005 20220125171642.0